000 00524nam a2200217Ia 4500
003 OSt
005 20220928144606.0
006 a|||||r|||| 00| 0
007 ta
008 220927b |||||||| |||| 00| 0 eng d
024 _a72338
037 _cTextual
040 _aSDCL
_cSDCL
_beng
041 _2eng
_aeng
082 _aX:5148, N8
100 _aCanwell Diane
_9508619
245 0 _aMarketing campaigns.
260 _c1998
942 _hX:5148, N8
_cTEXL
_2CC
999 _c828393
_d828393